<?xml version="1.0" encoding="UTF-8"?>
<record
    xmlns:xsi="http://www.w3.org/2001/XMLSchema-instance"
    xsi:schemaLocation="http://www.loc.gov/MARC21/slim http://www.loc.gov/standards/marcxml/schema/MARC21slim.xsd"
    xmlns="http://www.loc.gov/MARC21/slim">

  <leader>01101nam a2200241 i 4500</leader>
  <controlfield tag="001">103711</controlfield>
  <controlfield tag="003">ES-MaACL</controlfield>
  <controlfield tag="005">20250820095415.0</controlfield>
  <controlfield tag="007">t|</controlfield>
  <controlfield tag="008">060509s1999    sp           ||||1| spa d</controlfield>
  <datafield tag="080" ind1=" " ind2=" ">
    <subfield code="a">929 Francisco Javier, Santo</subfield>
  </datafield>
  <datafield tag="080" ind1=" " ind2=" ">
    <subfield code="a">271.5-9(529)"15"</subfield>
  </datafield>
  <datafield tag="100" ind1="0" ind2=" ">
    <subfield code="a">G&#xF3;mez-Tabanera, Jos&#xE9; Manuel,</subfield>
    <subfield code="d">1926-2011</subfield>
    <subfield code="9">58165</subfield>
  </datafield>
  <datafield tag="245" ind1="1" ind2="0">
    <subfield code="a">Xaveriana </subfield>
    <subfield code="b">: luces y sombras de la primera evangelizaci&#xF3;n cat&#xF3;lica del Jap&#xF3;n / </subfield>
    <subfield code="c">Jos&#xE9; Manuel G&#xF3;mez-Tabanera.</subfield>
  </datafield>
  <datafield tag="260" ind1=" " ind2=" ">
    <subfield code="a">[Oviedo] : </subfield>
    <subfield code="b">J.M. G&#xF3;mez-Tabanera, </subfield>
    <subfield code="c">[1999]</subfield>
  </datafield>
  <datafield tag="300" ind1=" " ind2=" ">
    <subfield code="a">28 p. ; </subfield>
    <subfield code="c">21 cm.</subfield>
  </datafield>
  <datafield tag="500" ind1=" " ind2=" ">
    <subfield code="a">Ponencia presentada en el I Coloquio Internacional de Estudios sobre Africa y Asia del 29 de octubre al 1 de noviembre de 1999 ; organizan el Instituto de Estudios Ceut&#xED;es, Editorial Algazara ; colabora, Centro de Profesoses de Ceuta.</subfield>
  </datafield>
  <datafield tag="600" ind1="1" ind2="4">
    <subfield code="a">Francisco Javier </subfield>
    <subfield code="c">Santo.</subfield>
    <subfield code="9">52196</subfield>
  </datafield>
  <datafield tag="610" ind1="2" ind2="4">
    <subfield code="a">Jesu&#xED;tas-</subfield>
    <subfield code="x">Misiones-</subfield>
    <subfield code="z">Jap&#xF3;n</subfield>
    <subfield code="9">5358</subfield>
  </datafield>
  <datafield tag="711" ind1="2" ind2=" ">
    <subfield code="a">Coloquio Internacional de Estudios sobre &#xC1;frica y Asia</subfield>
    <subfield code="n">(1&#xBA;. </subfield>
    <subfield code="d">1999.</subfield>
    <subfield code="c">Ceuta)</subfield>
    <subfield code="9">100</subfield>
  </datafield>
  <datafield tag="852" ind1=" " ind2=" ">
    <subfield code="a">ES-MaACL</subfield>
    <subfield code="j">2201-F-19 </subfield>
    <subfield code="b">R.137578</subfield>
  </datafield>
  <datafield tag="999" ind1=" " ind2=" ">
    <subfield code="c">103711</subfield>
    <subfield code="d">103711</subfield>
  </datafield>
  <datafield tag="952" ind1=" " ind2=" ">
    <subfield code="0">0</subfield>
    <subfield code="1">0</subfield>
    <subfield code="4">0</subfield>
    <subfield code="7">0</subfield>
    <subfield code="8">Colecci&#xF3;n_de_folletos</subfield>
    <subfield code="a">ATENEOM</subfield>
    <subfield code="b">ATENEOM</subfield>
    <subfield code="c">DEPOF</subfield>
    <subfield code="d">2008-01-17</subfield>
    <subfield code="e">SC</subfield>
    <subfield code="l">0</subfield>
    <subfield code="o">2201-F-19</subfield>
    <subfield code="p">1108282</subfield>
    <subfield code="r">2023-02-23 00:00:00</subfield>
    <subfield code="w">2023-02-23</subfield>
    <subfield code="y">FOLLETOS</subfield>
  </datafield>
</record>
